[Event "IECC M email"]
[Site "IECC email"]
[Date "1998.06.26"]
[Round "?"]
[White "Koren, Liav"]
[Black "Oestmark, Soeren"]
[Result "1-0"]
[WhiteElo "1608"]
[BlackElo "1374"]
[PlyCount "51"]
[EventDate "1998.??.??"]
[EventType "tourn (corr)"]
[EventRounds "12"]
[SourceTitle "Corr 2008"]
[Source "ChessBase"]
[SourceDate "2008.06.24"]
[SourceVersion "1"]
[SourceVersionDate "2008.06.24"]
[SourceQuality "1"]

1. d4 Nf6 2. Nf3 d6 3. g3 Nbd7 4. Bg2 e5 5. c4 Be7 6. dxe5 dxe5 7. 0-0 c6 8. b3 0-0 9. Bb2 Qc7 10. Nbd2 Rd8 11. Qc2 h6 12. Ne4 Ne8 13. a3 f6 14. Rfd1 Nf8 15. Rxd8 Bxd8 16. Rd1 Be6 17. Nc5 Bf7 18. Nh4 Be7 19. Ne4 Rd8 20. Rxd8 Qxd8 21. Nf5 Bg6 22. Bh3 Nh7 23. b4 Ng5 24. Nxg5 hxg5 25. Nxe7+ Qxe7 26. Qxg6 1-0